000 00438nam a2200157 i 4500
001 84082
003 ES-MaACL
005 20230906174936.0
007 t|
008 041119s1954 cu ||||1| spa d
100 1 _aIznaga, Alcides.
_965693
245 1 3 _aEl barrio y el hogar /
_cAlcides Iznaga.
260 _a[S.l. :
_bs.n.,
_c1954] (
_eLa Habana :
_fAngel López)
300 _a24 p. ;
_c23 cm.
852 _aES-MaACL
_j1986-F-18
_bR.36097
999 _c84082
_d84082